000 00306nam a22001337a 4500
008 170206b xxu||||| |||| 00| 0 eng d
020 _a9780205698035
041 _aeng
080 _a61
100 _a3
101 _aSHM
245 _aGREAT READINGS MEDICAL SCIENCE
_cSCOTT.O. LILIENFELD
942 _2udc
_cBK
999 _c4689
_d4689